| 000 | 00462nam a22001697a 4500 | ||
|---|---|---|---|
| 003 | NUST - PNEC | ||
| 005 | 20170116180756.0 | ||
| 008 | 150404b xxu||||| |||| 00| 0 eng d | ||
| 040 | _cLIBRARY | ||
| 082 | _a297.8914 HAI | ||
| 100 |
_92086 _aHairan Khattak |
||
| 245 |
_aIqbal aur dawat-e-din _cHairan Khattak |
||
| 260 |
_aIslamabad: _bDawat Academy Islamabad, _cc2006. |
||
| 300 |
_a302 p. : _c22 cm. |
||
| 650 |
_92087 _aIslam, Dawat-e-din |
||
| 942 |
_2ddc _cBK |
||
| 999 |
_c62746 _d62746 |
||